Comprensión y expresión de textos en español : (Record no. 18598)

MARC details
000 -LEADER
fixed length control field 00717nam a22002177a 4500
001 - CONTROL NUMBER
control field sjds170147
003 - CONTROL NUMBER IDENTIFIER
control field sjds
005 - DATE AND TIME OF LATEST TRANSACTION
control field 20170718154123.0
008 - FIXED-LENGTH DATA ELEMENTS--GENERAL INFORMATION
fixed length control field 170718b pr||||| |||| 00| 0 spa d
020 ## - INTERNATIONAL STANDARD BOOK NUMBER
International Standard Book Number 9781563281464 (pbk.)
040 ## - CATALOGING SOURCE
Transcribing agency sjds
041 ## - LANGUAGE CODE
Language code of text/sound track or separate title spa
100 ## - MAIN ENTRY--PERSONAL NAME
Personal name Onieva Morales, Juan Luis
245 ## - TITLE STATEMENT
Title Comprensión y expresión de textos en español :
Remainder of title taller de textos /
Statement of responsibility, etc. Juan Luis Onieva
260 ## - PUBLICATION, DISTRIBUTION, ETC. (IMPRINT)
Place of publication, distribution, etc. Puerto Rico :
Name of publisher, distributor, etc. Editorial.Plaza Mayor,
Date of publication, distribution, etc. 2010, c1999
300 ## - PHYSICAL DESCRIPTION
Extent 298 pages :
Dimensions 27 cm
500 ## - GENERAL NOTE
General note Author's name on cover varies: Juan Luis Onieva Morales
650 #0 - SUBJECT ADDED ENTRY--TOPICAL TERM
Topical term or geographic name as entry element Spanish language
General subdivision Grammar
Form subdivision Textbooks
650 #0 - SUBJECT ADDED ENTRY--TOPICAL TERM
Topical term or geographic name as entry element Spanish language
Form subdivision Problems, exercises, etc.
942 ## - ADDED ENTRY ELEMENTS (KOHA)
Source of classification or shelving scheme Dewey Decimal Classification
Koha item type Libro/Book
Holdings
Withdrawn status Lost status Source of classification or shelving scheme Damaged status Not for loan Home library Current library Shelving location Date acquired Total Checkouts Full call number Barcode Date last seen Price effective from Koha item type
    Dewey Decimal Classification   Reference San Juan Del Sur -- Biblioteca San Juan Del Sur -- Biblioteca Reference 18/07/2017   REF 468 Oni 30024432 18/07/2017 18/07/2017 Reference

Powered by Koha